000 00447nam a22001697a 4500
005 20180411114139.0
008 160429b xxu||||| |||| 00| 0 eng d
020 _a0-19-511589-9
041 _aeng
082 _b00946
_a338.9
100 _aMeier M. Gerald Rauch E. Sames
_9280
245 _aLeading Issues in Economic Development
260 _aNew York
_bOxford University Press
_c2004
300 _a578
650 _aManagement
_9241
942 _cBK
999 _c321
_d321